| 000 | 00403nam a2200181Ia 4500 | ||
|---|---|---|---|
| 001 | 17727 | ||
| 005 | 20260306171538.0 | ||
| 008 | 260306s9999||||xx |||||||||||||| ||und|| | ||
| 041 | _aESP | ||
| 082 |
_a658.15 _bR25 |
||
| 100 |
_aRapaport, Carlos _eAUT |
||
| 245 | 0 | _aCasos de gestión financiera | |
| 260 | _c2014 | ||
| 300 |
_a _c |
||
| 650 | _aGEN | ||
| 654 | _aCAN | ||
| 942 |
_cLIB _dJUS _fJUS _2ddc _n |
||
| 999 |
_c17727 _d17727 |
||